000 01962cam a2200505 i 4500
001 3237
003 FISKH
005 20240221140140.0
008 150714s2016 nyua c 000 1 eng c
010 _a 2015015763
020 _a9780545822350 (hardcover : alk. paper)
020 _a9780545822367 (pbk. : alk. paper)
020 _z9780545822374 (ebook)
020 _z9780545822381 (ebook)
040 _aNJQ/DLC
_beng
_cNJQ
_erda
_dDLC
042 _alcac
_apcc
043 _an-us-ca
050 0 0 _aPZ7.F8715
_bCl 2016
082 0 4 _a813.6
_aFic
_223
100 1 _aFrazier, Sundee Tucker,
_d1968-
245 1 0 _aCleo Edison Oliver, playground millionaire /
_cSundee T. Frazier ; illustrations by Jennifer L. Meyer.
250 _aFirst edition.
260 _aNew York :
_bScholastic,
_c2016.
300 _a213 pages ;
_c20 cm
336 _atext
_2rdacontent
337 _aunmediated
_2rdamedia
338 _avolume
_2rdacarrier
505 _aN
520 _aFifth-grader Cleo Edison Oliver is full of money-making ideas, and her fifth-grade Passion Project is no different--but things get more complicated when she has to keep her business running, be a good listener when her best friend needs her, and deal with the bully teasing her about being adopted at the same time.
521 8 _a590
_bLexile
521 8 _aN
_bRaz-Plus
650 0 _aAdopted children
_vJuvenile fiction.
650 0 _aAfrican American families
_zCalifornia
_vJuvenile fiction.
650 0 _aMoney-making projects for children
_vJuvenile fiction.
650 0 _aFriendship
_vJuvenile fiction.
650 1 _aBusiness enterprises
_vFiction.
650 1 _aFriendship
_vFiction.
650 1 _aAdoption
_vFiction.
650 1 _aAfrican Americans
_vFiction.
651 0 _aCalifornia
_vJuvenile fiction.
651 1 _aCalifornia
_vFiction.
700 1 _aMeyer, Jennifer L.,
_eillustrator.
906 _a7
_bcbc
_corignew
_d1
_eecip
_f20
_gy-gencatlg
942 _2ddc
_cBK
_n0
999 _c3237
_d3237